000 00587nam a2200229Ia 4500
003 OSt
005 20220916111031.0
006 a|||||r|||| 00| 0
007 ta
008 220915b |||||||| |||| 00| 0 eng d
024 _a124165
037 _cTextbook
040 _beng
_aARTS
_cARTS
041 _aeng
082 _aV6:1:N5, 122J2 (906)
100 _aGuernier Eugene
245 0 _aL'apport de l'Afrique a la pensee humaine
260 _c1952
650 _aHISTORY
942 _hV6:1:N5, 122J2 (906)
_cTB
_2CC
999 _c104035
_d104035